| 000 | 00382nam a2200169Ia 4500 | ||
|---|---|---|---|
| 003 | 0STCL | ||
| 008 | 150530s9999 xx 000 0 und d | ||
| 040 |
_aSTCL _cSTCL |
||
| 100 | _aGitehendra Vats | ||
| 245 | _aKonark Drishti Aur Nisanthkethu Ki Kahaniyam | ||
| 260 | _c2005 | ||
| 300 | _a0 | ||
| 546 | _aHindi | ||
| 942 |
_2ddc _cBK |
||
| 999 |
_c62266 _d62266 |
||
| 005 | 20220125171205.0 | ||